OECD Economic Surveys: Hungary 2019 January 2019

Salvato in:
Dettagli Bibliografici
Natura: Libro
Lingua:inglese
Pubblicazione: Paris OECD 2019
Serie:OECD Economic Surveys
Soggetti:
Tags: Aggiungi Tag
Nessun Tag, puoi essere il primo ad aggiungerne!!

MARC

LEADER 00000nam a2200000 4500
001 0261281
005 20221220064913.2
020 |a 978-92-64-31124-4 
041 0 |a eng 
044 |a FR 
245 1 0 |a OECD Economic Surveys: Hungary 2019  |b January 2019 
264 1 |a Paris  |b OECD  |c 2019 
300 |a 182 s. 
490 1 |a OECD Economic Surveys 
830 0 |a OECD Economic Surveys 
610 2 0 |a situácia hospodárska 
610 2 0 |a makroekonomika 
610 2 0 |a politika menová 
610 2 0 |a politika finančná 
610 2 0 |a politika fiškálna 
610 2 0 |a ekológia 
610 2 0 |a systémy dôchodkové 
610 2 0 |a zdravotníctvo 
610 2 0 |a regióny 
610 2 0 |a porovnanie štatistické medzinárodné 
610 2 0 |a Maďarsko